[Event "17th Karpov Trophy 2019"]
[Site "Cap d'Agde"]
[Date "2019.10.25"]
[Round "1.1"]
[White "Paehtz, Elisabeth"]
[Black "Amin, Bassem"]
[Result "1-0"]
[WhiteElo "2489"]
[BlackElo "2699"]
[Annotator "TA"]
[PlyCount "61"]
[EventDate "2019.10.25"]
[EventType "tourn"]
[EventCountry "FRA"]
[SourceTitle "playchess.com"]
[Source "ChessBase"]
[SourceQuality "1"]

{[%evp 11,79,18,15,5,11,3,11,11,11,14,20,-13,-13,-6,12,-30,-18,-18,-14,-17,0,-29,-16,-24,-28,-22,-8,-7,18,18,19,15,46,51,68,80,50,78,353,328,664,664,474,249,652,160,1383,1250,2051,1731,1976,1950,1944,1932,1871,1835,1741,1651,1566,1463,29964,29967,29967,29967,29965,29968,29962,29962,5214,5206]} 1. d4 Nf6 2. Nf3 g6 3. Bg5 Bg7 4. Nbd2 O-O 5. c3 d6 6. e3 b6 7. Bc4 {A48: 1 d4 Nf6 2 Nf3 g6: Torre, London and Colle Systems} (7. Bd3 Bb7 8. O-O Nbd7 9. e4 h6 10. Bh4 e5 11. Re1 Qe8 12. a4 a6 13. dxe5 Nxe5 14. Nxe5 dxe5 15. Qc2 a5 16. Nc4 Nh5 17. f3 {½-½ (17) Van den Doel,E (2607)-Safarli,E (2676) Hoogeveen 2018}) 7... Bb7 8. O-O Nbd7 9. a4 {The position is equal.} a6 10. Re1 c5 11. Bf1 h6 12. Bh4 Rc8 $146 ({Predecessor:} 12... g5 13. Bg3 Nh5 14. e4 Nxg3 15. hxg3 Qc7 16. Bd3 Rfd8 {½-½ (68) Dengler,P (2272)-Simonenko,S (2440) Passau 2000}) 13. Qb3 g5 14. Bg3 Nh5 15. Bc4 Ndf6 16. Bf1 Rb8 17. e4 Nxg3 18. hxg3 cxd4 19. cxd4 d5 {[%cal Rd5e4]} 20. e5 Ne4 21. Rad1 e6 22. Bd3 Nxd2 23. Rxd2 g4 24. Nh4 b5 $2 {[%mdl 8192]} (24... Qg5 $16 {is a better defense.} 25. Rc2 Rfc8) 25. Bc2 (25. axb5 axb5 26. Bb1 (26. Qxb5 Ba8 $11) 26... Qg5 $16) 25... Qg5 $2 (25... Rc8 26. Qd3 (26. axb5 Qa5 $16) 26... Re8) 26. Qd3 $18 {[%csl Gc2][%cal Rd3h7]} Rfc8 27. axb5 (27. Qh7+ $142 Kf8 28. Re3) 27... axb5 $2 (27... h5 28. f4 gxf3 29. Qh7+ (29. Nxf3 Qg6 $18) 29... Kf8) 28. Rf1 $2 (28. f4 $18 {and White stays clearly on top.} gxf3 29. Rf1 Rxc2 30. Rxc2) 28... b4 $2 (28... h5 $16) 29. f4 gxf3 30. Qh7+ Kf8 {[#]} 31. Rxf3 {Played: Nh4-g6} 1-0

[Event "17th Karpov Trophy 2019"]
[Site "Cap d'Agde"]
[Date "2019.10.25"]
[Round "1.2"]
[White "Bacrot, Etienne"]
[Black "Sarana, Alexey"]
[Result "1-0"]
[WhiteElo "2671"]
[BlackElo "2655"]
[Annotator "ChessBase"]
[PlyCount "49"]
[EventDate "2019.10.25"]
[EventType "tourn"]
[EventCountry "FRA"]
[SourceTitle "playchess.com"]
[Source "ChessBase"]
[SourceQuality "1"]
[TimeControl "1200+10"]

1. e4 c5 2. Nf3 d6 3. Bb5+ Nd7 4. O-O a6 5. Bd3 Ngf6 6. Re1 e6 7. c3 b5 8. Bc2 c4 9. a4 Bb7 10. d4 cxd3 11. Qxd3 Nc5 12. Qe2 bxa4 13. e5 dxe5 14. Nxe5 Be7 15. Rd1 Qb6 16. Rxa4 O-O 17. Rh4 Rad8 18. Rxd8 Rxd8 19. Nd2 h6 20. Ndc4 Qb5 21. Bxh6 gxh6 22. Qe3 Bf8 23. Ng4 Nce4 24. Nxh6+ Kg7 25. Nf5+ 1-0

[Event "17th Karpov Trophy 2019"]
[Site "Cap d'Agde"]
[Date "2019.10.25"]
[Round "1.3"]
[White "Hou, Yifan"]
[Black "Khademalsharieh, Sarasadat"]
[Result "1-0"]
[WhiteElo "2659"]
[BlackElo "2491"]
[Annotator "ChessBase"]
[PlyCount "129"]
[EventDate "2019.10.25"]
[EventType "tourn"]
[EventCountry "FRA"]
[SourceTitle "playchess.com"]
[Source "ChessBase"]
[SourceQuality "1"]
[TimeControl "1200+10"]

1. e4 e5 2. Nf3 Nc6 3. Bc4 Bc5 4. O-O Nf6 5. d3 a6 6. c3 d6 7. a4 Ba7 8. Re1 h6 9. Nbd2 O-O 10. Nf1 Ne7 11. h3 Ng6 12. Bb3 Nh5 13. d4 Nhf4 14. Ng3 Qf6 15. Be3 Be6 16. Bc2 Nh4 17. Nxh4 Qxh4 18. Qf3 g6 19. Nf1 Qf6 20. Nh2 g5 21. Rad1 Qg7 22. Kh1 c5 23. dxe5 dxe5 24. g3 Nxh3 25. Qh5 c4 26. Bxa7 Rxa7 27. Rd2 g4 28. Bd1 Qg6 29. Nxg4 Qxh5 30. Nf6+ Kh8 31. Bxh5 Raa8 32. Kg2 Rad8 33. Red1 Rxd2 34. Rxd2 Kg7 35. Ng4 Ng5 36. f3 Re8 37. a5 Re7 38. Ne3 Rc7 39. Rd6 Rc5 40. Bg4 Bxg4 41. fxg4 Nxe4 42. Nf5+ Kg8 43. Rd7 Ng5 44. Rxb7 Rxa5 45. Nxh6+ Kf8 46. Nf5 Rb5 47. Rxb5 axb5 48. Nd6 Ke7 49. Nxb5 Ke6 50. Kf2 Ne4+ 51. Kf3 Nc5 52. Na3 Kd5 53. Nc2 e4+ 54. Kf4 Nd3+ 55. Kf5 Nxb2 56. Ne3+ Kc5 57. Kxe4 Na4 58. Nd1 Nb6 59. Ne3 Na4 60. Nd1 Nb6 61. g5 Nd7 62. Ne3 Kb5 63. Kd5 Nb6+ 64. Kd4 Nc8 65. Nxc4 1-0

[Event "17th Karpov Trophy 2019"]
[Site "Cap d'Agde"]
[Date "2019.10.25"]
[Round "1.4"]
[White "Nihal Sarin"]
[Black "Sebag, Marie"]
[Result "1-0"]
[WhiteElo "2610"]
[BlackElo "2445"]
[Annotator "ChessBase"]
[PlyCount "109"]
[EventDate "2019.10.25"]
[EventType "tourn"]
[EventCountry "FRA"]
[SourceTitle "playchess.com"]
[Source "ChessBase"]
[SourceQuality "1"]
[TimeControl "1200+10"]

1. d4 d5 2. Bf4 Nf6 3. e3 e6 4. Nd2 Bd6 5. Bg3 O-O 6. Ngf3 c5 7. c3 Qc7 8. dxc5 Qxc5 9. Bd3 Nbd7 10. e4 Bxg3 11. hxg3 dxe4 12. Nxe4 Nxe4 13. Bxe4 Nf6 14. Qe2 Nxe4 15. Qxe4 Qf5 16. Qxf5 exf5 17. Nd4 Be6 18. f3 Rfd8 19. Kf2 Rac8 20. Rhe1 Rd6 21. Re5 Rb6 22. Rb5 Rxb5 23. Nxb5 a6 24. Nd4 g6 25. a4 Kf8 26. a5 Rc5 27. Ke3 Ke7 28. Kd2 Kd6 29. b4 Rc8 30. Rd1 Ke7 31. Re1 Kd6 32. Nxe6 fxe6 33. Kd3 e5 34. c4 Ke6 35. Kc3 h5 36. Rd1 g5 37. c5 f4 38. gxf4 gxf4 39. Rd6+ Kf5 40. Rh6 Rg8 41. Rxh5+ Ke6 42. Rh6+ Kd7 43. Rd6+ Kc7 44. Rd2 Kc6 45. Kc4 Rg5 46. Rd6+ Kc7 47. Kd5 Rxg2 48. Kxe5 Rh2 49. Rb6 Rh4 50. Kf5 Rh8 51. Kxf4 Rf8+ 52. Ke4 Re8+ 53. Kf5 Re1 54. f4 Rf1 55. Ke5 1-0

[Event "17th Karpov Trophy 2019"]
[Site "Cap d'Agde"]
[Date "2019.10.25"]
[Round "2.1"]
[White "Nihal Sarin"]
[Black "Paehtz, Elisabeth"]
[Result "1/2-1/2"]
[WhiteElo "2610"]
[BlackElo "2489"]
[Annotator "TA"]
[PlyCount "97"]
[EventDate "2019.10.25"]
[EventType "tourn"]
[EventCountry "FRA"]
[SourceTitle "playchess.com"]
[Source "ChessBase"]
[SourceQuality "1"]

{[%evp 13,97,0,25,18,30,0,3,0,18,17,36,35,35,41,41,0,0,0,4,0,0,0,0,0,2,-28,0,0,0,0,0,0,12,22,31,18,41,37,78,43,80,43,40,20,25,20,50,52,52,52,52,11,60,20,34,0,0,0,2,0,0,0,0,0,0,0,0,-477,-477,-477,-468,-442,794,721,839,753,560,0,0,0,0,0,0,0,0,0]} 1. e4 c5 2. Nf3 d6 3. d4 cxd4 4. Nxd4 Nf6 5. Nc3 a6 6. Be2 e5 7. Nf3 h6 8. Nd2 {B92: Sicilian Najdorf: 6 Be2} Be6 9. a4 {[%cal Ba2a4,Ba4a5][%mdl 32]} (9. Nc4 Nc6 10. Ne3 Ne7 11. O-O Rc8 12. Bf3 g6 13. Qd3 Bg7 14. Rd1 Rc6 15. b3 Qc8 {1-0 (48) Vachier Lagrave,M (2789)-Korobov,A (2652) Riadh 2017}) 9... Nc6 10. O-O Be7 $146 ({Predecessor:} 10... Rc8 11. Bc4 Be7 12. Bb3 O-O 13. Nc4 d5 14. exd5 Nxd5 15. Nxd5 Bxd5 16. Nxe5 Bxb3 17. Nxc6 Rxc6 18. cxb3 Qxd1 19. Rxd1 {0-1 (59) Uuriintuya,U (2158)-Vucinic,G (2408) Senta 2018}) 11. Nc4 Nd4 12. a5 Qc7 13. Nb6 Rd8 14. Be3 Nxe2+ 15. Qxe2 Qc6 $1 16. f3 d5 17. exd5 Nxd5 18. Nbxd5 Bxd5 19. Rfd1 O-O 20. Bb6 Bc5+ 21. Bxc5 $1 Qxc5+ 22. Qf2 Qxf2+ 23. Kxf2 Bc6 24. Ne4 Bxe4 25. fxe4 $11 {[%mdl 4096] Endgame KRR-KRR} f6 26. Ke3 Kf7 27. Rxd8 Rxd8 $16 {KR-KR} 28. Ra4 Rc8 29. c4 Kg6 30. Rb4 Rc7 31. b3 Kg5 32. Rb6 h5 33. Rd6 Kg4 34. Kd3 Kf4 35. b4 h4 36. c5 h3 37. gxh3 Kf3 38. h4 f5 39. exf5 e4+ 40. Kd4 $2 {[%mdl 8192] [#]} (40. Kc2 $11) 40... e3 $19 41. f6 {next Kd3 is good for White.} e2 42. fxg7 e1=Q $4 {[%mdl 8192]} (42... Rxg7 $19 43. Rf6+ Kg2) 43. Rf6+ $18 Kg2 44. g8=Q+ Kxh2 45. Qg5 $2 (45. Qa2+ $18 Kh1 46. Qd5+ Kh2 47. Qd6+ {[%mdl 64] Double Attack} Kh3 48. Qxc7 Qa1+ 49. Ke4 Qxf6 50. Qxb7 Qxh4+ 51. Kd3 Qg3+ 52. Kc4 Qg4+ 53. Kc3 Qg3+ 54. Kc2 Qg6+ 55. Kb2 Qf6+ 56. Kc2 Qg6+ 57. Kb2 Qf6+ 58. Kb3 Qe6+ 59. Ka3 Qe3+ 60. Ka4) 45... Qxb4+ $11 {The position is equal.} 46. Kd3 {[#] Threatening mate with Rf2+.} Qb3+ 47. Kd4 Qb4+ 48. Kd3 {Rf2+ would kill now.} Qb3+ 49. Kd4 {Accuracy: White = 45%, Black = 59%.} 1/2-1/2

[Event "17th Karpov Trophy 2019"]
[Site "Cap d'Agde"]
[Date "2019.10.25"]
[Round "2.3"]
[White "Amin, Bassem"]
[Black "Bacrot, Etienne"]
[Result "1-0"]
[WhiteElo "2699"]
[BlackElo "2671"]
[Annotator "TA"]
[PlyCount "63"]
[EventDate "2019.10.25"]
[EventType "tourn"]
[EventCountry "FRA"]
[SourceTitle "playchess.com"]
[Source "ChessBase"]
[SourceQuality "1"]

{[%evp 13,63,8,25,47,20,2,9,27,20,-20,28,48,56,31,34,23,40,31,57,52,45,51,60,62,71,59,36,50,59,53,64,26,38,37,31,0,32,0,22,29,62,33,33,10,41,0,0,0,117,101,496,490]} 1. e4 e5 2. Nf3 Nf6 3. Nxe5 d6 4. Nf3 Nxe4 5. Nc3 Nxc3 6. dxc3 Be7 7. Be3 Nd7 {[%cal Bb8d7,Bd7f6,Bf6e4][%mdl 32]} 8. Qd2 {C42: Petroff Defence: 3 Nxe5 and unusual White 3rd moves} O-O 9. O-O-O Nf6 10. Bd3 {The position is equal.} Re8 11. h3 (11. Rhe1 Bg4 12. Qe2 a6 13. h3 Bd7 14. g4 Bf8 15. Qf1 g6 {½-½ (30) Vachier Lagrave,M (2774)-Yu,Y (2763) Khanty-Mansiysk 2019}) 11... d5 12. Rhe1 Ne4 $146 ({Predecessor:} 12... c5 13. c4 d4 14. Bg5 Be6 15. Rxe6 fxe6 {1-0 (72) Van Foreest,J (2584)-Paravyan,D (2525) Moscow 2017}) 13. Qe2 {Threatens to win with Bxe4.} Bd6 14. c4 dxc4 $1 15. Bxc4 {And now Bg5! would win.} Bd7 16. Bd5 {Strongly threatening Qc4.} Bc6 17. Bxc6 bxc6 18. Qc4 Qf6 19. Rd4 Nc5 20. Rd2 Rab8 21. c3 Re4 22. Rd4 Ree8 23. Rdd1 Re4 24. Rd4 Ree8 25. Rdd1 Re4 26. Bd4 {aiming for Rxe4.} Qh6+ 27. Re3 Qg6 28. Rxe4 Nxe4 29. Bxa7 Bf4+ 30. Be3 Bxe3+ (30... Nxf2 $1 $11 {remains equal.} 31. Qxf4 Nxd1 32. Qxc7 Re8 33. Kxd1 h5) 31. fxe3 $16 Qxg2 $4 {[%mdl 8192] [#]} (31... Nd6 $16 32. Qg4 (32. Qxc6 Qxg2 {[%mdl 64] Double Attack} 33. b4 Qxa2 $11) 32... Qh6) 32. Qb4 $1 {[%mdl 512] Accuracy: White = 59%, Black = 51%.} 1-0

[Event "17th Karpov Trophy 2019"]
[Site "Cap d'Agde"]
[Date "2019.10.25"]
[Round "2.4"]
[White "Sarana, Alexey"]
[Black "Hou, Yifan"]
[Result "0-1"]
[WhiteElo "2655"]
[BlackElo "2659"]
[Annotator "TA"]
[PlyCount "102"]
[EventDate "2019.10.25"]
[EventType "tourn"]
[EventCountry "FRA"]
[SourceTitle "playchess.com"]
[Source "ChessBase"]
[SourceQuality "1"]

{[%evp 15,158,0,10,-4,6,0,29,25,24,-9,7,0,30,0,1,0,8,6,10,-6,1,0,-7,-5,10,-37,-21,-41,-57,-92,-45,-133,-135,-145,-126,-133,-132,-131,-133,-138,-149,-249,-143,-270,-147,-205,-136,-142,-132,-110,-97,-104,-88,-99,-89,-118,-124,-132,-134,-121,-37,-127,-139,-196,-191,-170,-167,-366,-102,-89,-82,-90,-91,-92,-95,-93,-85,-90,-53,-232,-177,-334,-327,-345,-342,-343,-339,-369,-362,-365,-355,-359,-330,-298,-249,-318,-290,-357,-319,-423,-408,-515,-424,-422,-392,-419,-417,-378,-231,-244,0,-402,-398,-472,-472,-516,-519,-512,-490,-767,-714,-733,-626,-626,-613,-758,-705,-790,-760,-1414,-1414,-1259,-1162,-1547,-1069,-29976,-29977,-29976,-29977,-29983,-29984,-29987,-29979,-29985,-29985]} 1. d4 Nf6 2. c4 e6 3. Nf3 d5 4. g3 Bb4+ 5. Nbd2 O-O 6. Bg2 b6 7. O-O Bb7 8. cxd5 exd5 9. Qb3 {E16: Queen's Indian: 4 g3 Bb7 5 Bg2 Bb4+} Bd6 $146 (9... Be7 10. Nb1 Nbd7 11. Nc3 Re8 12. Rd1 Nf8 13. Ne5 Ne6 14. Qa4 Bf8 15. Be3 a6 16. Rac1 Rc8 {½-½ (131) Firouzja,A (2607)-Yu,Y (2764) St Petersburg 2018}) 10. Nb1 Ne4 11. Nc3 {White has an edge.} Nxc3 12. Qxc3 Nd7 {[%cal Bb8d7,Bd7f6,Bf6e4][%mdl 32]} 13. Bg5 Qe8 14. Rfe1 Qe6 15. e3 Nf6 16. Bf4 Ne4 17. Qc2 Bb4 $36 {[%mdl 2048] Black is more active.} 18. Rec1 c6 19. h4 Be7 20. Kh2 f6 {Threatens to win with ...g5.} 21. Bh3 Qf7 $1 22. Qe2 h6 23. g4 ({Better is} 23. Ne1 $15) 23... g5 $1 $17 {[%cal Rg5f4]} 24. Bg3 Nxg3 25. Kxg3 Bd6+ 26. Kg2 Rae8 27. Rh1 c5 28. Qc2 {[#]} (28. Kf1 $17) 28... Re4 (28... f5 $1 $19 {[%cal Rf5g4][%mdl 512]} 29. gxf5 (29. Qxf5 Qg7) 29... g4 $1 {[%mdl 512]} 30. Bxg4 Re4) 29. Rag1 {[#]} (29. Nd2 $17 Re7 30. Nf3) 29... Rfe8 ({Black should play} 29... f5 $1 $19 {[%mdl 512]} 30. gxf5 g4) 30. Nd2 (30. Qd3 $17) 30... R4e7 {aiming for ...cxd4.} (30... gxh4 31. Nxe4 Rxe4 32. Qd2 $17) 31. Nf3 Ba6 32. Rd1 Rc7 {White must now prevent ...Re4.} 33. Qa4 Be2 {And now ...f5 would win.} 34. Rd2 b5 35. Qa6 Bxf3+ $1 36. Kxf3 Qe6 37. Qxb5 Qe4+ ({Don't play} 37... gxh4 $6 38. Qd3 $11) 38. Ke2 a6 $1 {[%cal Ra6b5]} ({Worse is} 38... gxh4 39. Rc1 $11) 39. Qd3 (39. Qa4 $17 {might work better.} cxd4 {[%mdl 64] Overworked Piece} 40. Rxd4 Rc2+ {[%mdl 64] Double Attack} 41. Kd1 Qxh1+ {[%mdl 64] Double Attack} 42. Kxc2 Rc8+ 43. Kd2) 39... Qxh1 $19 40. Qg6+ Kf8 41. dxc5 $2 (41. hxg5 {was called for.} hxg5 42. Qxf6+ Rf7 43. Qxd6+ Kg7 44. Qg3 cxd4 45. Rxd4) 41... Qxh3 $2 (41... Be5 $1 $19 {is more deadly.} 42. Qxh6+ Rg7 43. Qh8+ Kf7 44. Qh5+ Ke7 45. hxg5 fxg5) 42. Qxf6+ $17 Rf7 43. Qxh6+ Rg7 $1 ({But not} 43... Kg8 $6 44. Qxg5+ Rg7 45. Qxd5+ Rf7 46. Qg5+ Rg7 47. Qd5+ Rf7 48. Qg5+ Kf8 49. cxd6 $11) 44. Qxd6+ Kg8 45. Qxd5+ Kh8 46. Qf5 Qxh4 47. c6 $2 (47. b4 $15) 47... Qh7 48. Qd5 $2 (48. Qc5 {keeps fighting.}) 48... Qe4 $19 49. Qxe4 Rxe4 50. Rd8+ Kh7 51. Rc8 Rxg4 {Played: Re4-e7} 0-1

[Event "17th Karpov Trophy 2019"]
[Site "Cap d'Agde"]
[Date "2019.10.25"]
[Round "3.1"]
[White "Paehtz, Elisabeth"]
[Black "Sebag, Marie"]
[Result "0-1"]
[WhiteElo "2489"]
[BlackElo "2445"]
[Annotator "TA"]
[PlyCount "44"]
[EventDate "2019.10.25"]
[EventType "tourn"]
[EventCountry "FRA"]
[SourceTitle "playchess.com"]
[Source "ChessBase"]
[SourceQuality "1"]

{[%evp 9,104,27,64,38,33,39,43,43,63,58,69,60,64,45,62,50,60,50,49,37,50,47,71,48,46,33,54,11,18,0,10,0,0,0,0,-31,-38,-45,0,-27,-38,-37,-29,-25,-32,-71,-74,-132,-139,-131,-139,-267,-210,-311,-304,-294,-303,-300,-187,-423,-422,-412,-411,-368,-385,-335,-342,-452,-461,-459,-459,-457,-444,-448,-456,-664,-655,-652,-631,-2620,-1030,-5801,-5417,-29965,-5281,-29962,-29963,-29964,-29965,-29965,-29966,-29966,-29968,-29967,-29969,-29969,-29970]} 1. e4 c5 2. Ne2 d6 3. g3 g6 4. Bg2 Bg7 5. c3 Bg4 (5... Nf6 6. d4 Nbd7 7. O-O O-O 8. Na3 Rb8 9. b4 b6 10. Rb1 Bb7 11. d5 a6 12. h3 Rc8 13. Be3 Re8 14. g4 b5 15. Ng3 cxb4 16. cxb4 {0-1 (53) Hjartarson,J (2536)-Yu,Y (2760) chess.com INT 2018}) 6. h3 {B20: Sicilian: Unusual White 2nd moves} Bxe2 7. Qxe2 Nc6 8. O-O {White is slightly better.} Nf6 9. f4 $146 ({Predecessor:} 9. d3 O-O 10. Be3 Rc8 11. Nd2 Nd7 12. f4 b5 13. Nf3 {½-½ (45) Boldyrev,A-Aronian,L Bratislava 1993}) 9... Nd7 10. Na3 {[%cal Bb1a3,Ba3c2,Bc2e3,Be3d5][%mdl 32]} O-O 11. Nc2 Rb8 12. d3 Qc7 13. a4 a6 14. Ne3 b5 15. axb5 axb5 16. Nd5 Qd8 17. f5 e6 18. Ne3 (18. fxe6 {keeps more tension.} fxe6 19. Nf4 Qe8 20. h4 b4 21. Bd2) 18... b4 19. Bd2 Nde5 20. g4 bxc3 21. bxc3 Rb2 22. Rab1 Qb8 {Played: Rb2-a2} 0-1

[Event "17th Karpov Trophy 2019"]
[Site "Cap d'Agde"]
[Date "2019.10.25"]
[Round "3.2"]
[White "Bacrot, Etienne"]
[Black "Nihal Sarin"]
[Result "0-1"]
[WhiteElo "2671"]
[BlackElo "2610"]
[Annotator "TA"]
[PlyCount "82"]
[EventDate "2019.10.25"]
[EventType "tourn"]
[EventCountry "FRA"]
[SourceTitle "playchess.com"]
[Source "ChessBase"]
[SourceQuality "1"]

{[%evp 16,99,8,0,7,11,16,14,16,7,8,10,8,7,10,9,6,0,4,0,0,7,13,8,16,4,14,4,22,21,41,25,22,21,21,23,43,39,57,49,97,96,100,91,87,73,71,68,68,46,41,1,4,-91,-87,-122,-108,-104,-108,-367,-376,-442,-372,-375,-302,-282,-221,-205,-73,-73,-70,-91,-91,-443,-442,-514,-232,-329,-301,-300,-245,-347,-244,-260,-263,-29999]} 1. e4 e5 2. Nf3 Nc6 3. Bb5 a6 4. Ba4 Nf6 5. O-O Be7 6. d3 b5 7. Bb3 d6 8. a3 O-O 9. Nc3 Na5 {C77: Ruy Lopez: 3...a6 4 Ba4 Nf6, unusual lines} 10. Ba2 Be6 11. b4 Bxa2 {The position is equal.} 12. Nxa2 Nc6 13. c4 Nd4 14. Be3 Nxf3+ 15. Qxf3 c6 16. Nc3 {[#]} Qc8 $146 ({Predecessor:} 16... Qd7 17. a4 {½-½ (33) Grischuk,A (2750)-Carlsen,M (2832) chess.com INT 2017}) 17. h3 Qe6 18. Rac1 h6 19. Rfd1 Rfc8 20. Re1 Rcb8 21. Re2 Bd8 22. Rec2 Bb6 23. cxb5 Bxe3 24. Qxe3 cxb5 25. Ne2 {[%cal Bc3e2,Be2g3,Bg3f1,Bf1e3][%mdl 32]} Kh7 26. Ng3 g6 27. f4 Ne8 28. f5 Qe7 29. Qf3 Rb7 30. Nf1 Nf6 31. Ne3 g5 32. Rc3 a5 33. bxa5 Rxa5 34. h4 (34. Qe2 $11) 34... gxh4 $17 35. Qf2 {[#]} Nh5 $1 36. Nd5 Qg5 37. d4 $2 {[%mdl 8192] [#]} (37. Qf3 $17 Nf6 38. Nxf6+ Qxf6 39. Rb3) 37... Rxa3 $3 $19 {[%mdl 512] Threatens to win with ...b4.} 38. dxe5 (38. Rxa3 Qxc1+) 38... dxe5 39. Kh2 Rxc3 40. Rxc3 b4 41. Rb3 {[#]} Ng3 {Played: Qg5-g3} 0-1

[Event "17th Karpov Trophy 2019"]
[Site "Cap d'Agde"]
[Date "2019.10.25"]
[Round "3.3"]
[White "Hou, Yifan"]
[Black "Amin, Bassem"]
[Result "1/2-1/2"]
[WhiteElo "2659"]
[BlackElo "2699"]
[Annotator "TA"]
[PlyCount "143"]
[EventDate "2019.10.25"]
[EventType "tourn"]
[EventCountry "FRA"]
[SourceTitle "playchess.com"]
[Source "ChessBase"]
[SourceQuality "1"]

{[%evp 32,143,19,17,30,22,22,17,19,10,18,5,7,0,18,0,10,12,15,0,19,9,19,16,13,15,15,21,26,0,0,0,0,0,0,0,14,0,0,0,0,0,0,0,0,10,40,12,17,0,0,-46,0,0,0,0,0,0,11,0,1,0,0,0,71,67,57,56,92,10,23,6,8,9,31,17,106,108,114,116,161,74,70,16,16,23,16,18,18,14,31,30,29,0,10,0,29,0,0,0,14,0,0,0,0,0,0,0,8,0,8,8,8,8]} 1. e4 e5 2. Nf3 Nc6 3. Bb5 a6 4. Ba4 Nf6 5. O-O Be7 6. Re1 b5 7. Bb3 d6 8. c3 O-O 9. h3 Nb8 10. d4 Nbd7 11. Nbd2 Bb7 12. Bc2 Re8 13. Nf1 Bf8 14. Ng3 g6 15. a4 c5 16. d5 c4 17. Bg5 Be7 {C95: Closed Ruy Lopez: Breyer Variation with 10 d4} (17... Nc5 18. Nh2 h6 19. Be3 h5 20. Qf3 Nh7 21. Qe2 Qc7 22. Ngf1 Rab8 23. Nd2 Bc8 24. axb5 axb5 25. f4 exf4 26. Bxf4 {1-0 (42) Vachier Lagrave,M (2780)-Amin,B (2704) Brest 2019}) 18. Be3 Qc7 19. Nh2 h5 20. Qd2 Nc5 {With the idea ...h4.} 21. Bg5 $146 ({Predecessor (2):} 21. Nf3 Nfd7 22. Ra3 Bf6 23. Rea1 Nb6 24. axb5 axb5 25. Qc1 Nbd7 {½-½ (25) Rook,D (2487)-Jacot,L (2510) GER email 2016}) 21... Nh7 22. Be3 Nf6 {Threatening ...h4.} 23. Bh6 Nfd7 24. Qe2 Bf8 25. Qe3 Kh7 26. Bxf8 Rxf8 27. Nf3 Qd8 28. axb5 axb5 29. Rxa8 Bxa8 30. Ra1 Bb7 31. Ng5+ Kg7 32. f4 exf4 33. Qxf4 Qf6 34. Qe3 Qe5 35. Nf1 {[%cal Bg3f1,Bf1d2,Bd2f3,Bf3d4][%mdl 32]} Re8 36. Nf3 Qf6 37. Rd1 Ne5 38. N1d2 Bc8 39. Nxe5 Qxe5 40. Nf3 Qg3 41. Qd4+ f6 42. Qf2 $36 {[%mdl 2048] White is more active.} Qxf2+ 43. Kxf2 Bd7 44. Ra1 Rb8 45. Nd4 b4 46. Ra7 {Threatens to win with Ne6+.} b3 47. Bd1 {[#] Hoping for Ne6+.} Kf8 (47... Kh6 $1 $11) 48. Be2 $16 Nxe4+ 49. Ke3 Nxc3 50. Bxc4 (50. Rxd7 $16 Nxd5+ 51. Kd2 (51. Ke4 Nc3+ 52. Kf3 d5 $14) 51... c3+ 52. bxc3) 50... Re8+ 51. Kd3 Ne4 52. Bxb3 Nc5+ 53. Kc4 {Black must now prevent Bc2.} Bf5 (53... Rc8 $11) 54. Nxf5 gxf5 {[%mdl 4096] Endgame [#] KRB-KRN} 55. Bd1 $1 Re4+ 56. Kc3 (56. Kb5 $18 {and White stays clearly on top.}) 56... Re3+ 57. Kd2 (57. Kc2 $14) 57... Rd3+ $11 58. Kc2 {b4 is the strong threat.} Rxd5 59. Bxh5 Ne4 60. Bf3 Rc5+ 61. Kd3 Rb5 62. Kc2 Rc5+ $1 63. Kd3 Rb5 64. Bxe4 fxe4+ {The position is equal.} 65. Kxe4 Rxb2 {KR-KR} 66. g4 Rh2 67. Kf5 Rxh3 68. Kxf6 {[%cal Ra7a8]} Rh6+ 69. Kf5 d5 70. g5 Rb6 71. Rd7 d4 72. Rxd4 {Accuracy: White = 45%, Black = 59%.} 1/2-1/2